|
|
|
|
| LEADER |
00612cam a2200157 7i4500 |
| 001 |
0000032451 |
| 005 |
20150604090000.0 |
| 020 |
0 |
0 |
|a 9789833196364
|
| 090 |
0 |
0 |
|a M 628.025595
|b MAL
|
| 110 |
2 |
0 |
|a Malaysia External Trade Development Corporation (MATRADE)
|
| 245 |
1 |
0 |
|a Malaysia exporters of Green Technology & related services directory.
|
| 260 |
0 |
0 |
|a Kuala Lumpur:
|b Malaysia External Trade Development Corporation (MATRADE),
|c 2014.
|
| 300 |
# |
# |
|a 121 pages.
|
| 650 |
0 |
0 |
|a Green technology --
|z Malaysia
|
| 650 |
0 |
0 |
|a Environmental protection --
|z Malaysia
|
| 999 |
|
|
|a 0000035952
|b Directories
|c Malaysia
|e Business Information Centre
|